Actors & Their Production Companies - Statistics

General Stats
  • This quiz has been taken 10 times
  • The average score is 8 of 20
Answer Stats
Production Company Actor % Correct
Tom Cruise
100%
Robert Downey Jr.
89%
Adam Sandler
78%
Appian Way Productions Leonardo DiCaprio
67%
Robert De Niro
67%
Westbrook Studios Will Smith
67%
Tom Hanks
56%
Ben Affleck
33%
Ben Stiller
33%
Seven Bucks Productions Dwayne Johnson
33%
Matt Damon
33%
Blossom Films Nicole Kidman
33%
Jada Pinkett Smith
22%
Jennifer Aniston
22%
Julia Roberts
22%
Gary Oldman
11%
Rebel Wilson
11%
Hello Sunshine Reese Witherspoon
11%
Sacha Baron Cohen
11%
Let's Go Again Anna Kendrick
0%
No matching quizzes found
Score Distribution
Percent of People with Each Score
Percentile by Number Answered
Your Score History
You have not taken this quiz